Actors from Outer Banks - Statistics

General Stats
  • This quiz has been taken 488 times
  • The average score is 6 of 11
Answer Stats
Picture Answer % Correct
Chase Stokes
87%
Rudy Pankow
85%
Madison Bailey
81%
Madelyn Cline
80%
Drew Starkey
73%
Austin North
53%
J.D.
34%
Charles Esten
32%
Julia Antonelli
17%
Cullen Moss
15%
Caroline Arapoglou
14%
No matching quizzes found
Score Distribution
Percent of People with Each Score
Percentile by Number Answered
Your Score History
You have not taken this quiz